1858 1077 1001 1655 1952 1307 1141 1292 1399 1943 1810 1262 1273 1791 1494 1504 1333 1107 1736 1762 1212 1026 1951 1944 1574 1889 1384 1640 1466 1432 1843 1311 1517 1510 1180 1940 1339 1747 1285 1641 1577 1243 1679 1619 1314 1105 1987 1331 1836 1756 1112 1408 1661 1743 1846 1806 1912 1384 1933 1736 1053 1403 1258 1543 1575 1109 1994 1139 1673 1601 1265 1942 1456 1767 1329 1635 1343 1423 1772 1695 1264 1034 1321 1912 1056 1512 1920 1497 1780 1763 1767 1491 1435 1711 1880 1553 1209 1401 1762 BCNSPRNW ULIB Ver.6.0+V

เปลี่ยนเป็นภาษาไทย

Change to English
 แสดงรายละเอียดบรรณานุกรม
  กลับหน้าหลัก

Brief Record : Get Marc (ISO 2709) : E-mail record : QR code < ปิดหน้าต่าง
LEADER : 00000nam 2200000uu 4500
001    13399113559
003     ULIB
008    111128s2552||||th 000 0 tha d
020    ^a9786160600335
090    ^aนว.^bจ757I 2552
100 0  ^aเจ้าปลาน้อย
245 00 ^aสะกดรักผูกหัวใจยัยตัวดี/^cI Love You, Jinny
250    ^aพิมพ์ครั้งที่ 1
260    ^aกรุงเทพฯ :^bแจ่มใส,^c2552
300    ^a210 หน้า
710 1  ^aแจ่มใส
945    ^p159^l0^i16304
995    ^aกัณชพร
999    ^aใช้งานได้ทุกระบบ
รายการนี้ยังไม่มีแท็ก
คุณยังไม่ได้ล็อกอิน คุณสามารถมีกิจกรรมร่วมกับเว็บไซต์ได้ แต่ต้องล็อกอินก่อน ::
  ล็อกอิน

รายการสื่อสารสนเทศ

ลำดับที่ ประเภท เลขเรียก/บาร์โค้ด สถานที่ สถานะ
1. นวนิยาย
นวนิยาย
นว. จ757I 2552  
  Barcode: 16304
ห้องสมุดวิทยาเขตสวรรค์ประชารักษ์
►นวนิยาย
บนชั้น
  ขอยืม

รายการใกล้เคียง
    ผู้แต่ง [เจ้าปลาน้อย]

BibComment


ยังไม่เคยถูกคอมเมนท์

คอมเมนท์ทรัพยากรรายการนี้
  คอมเมนท์: สะกดรักผูกหัวใจย..


 Copyright 2026. Bcnsprnw @Library